000 00342cam a2200145ua 4500
003 OSt
008 221107b |||||||| |||| 00| 0 eng d
041 _aeng
082 _a338.9
_bMIN/PL
245 _aPlan implementation
250 _a1 /
260 _aFaridhabad :
_bGovernment of India press ,
_c1964.
300 _a139 ; .
942 _cBK
999 _c11414
_d11414